00553nam a2200169 a 450000100100000000500170001000800410002704000250006810000320009324500430012526000420016830000200021049000120023083000190024295201050026199900170036600004020720201002034001.0130815s1964 mx 000 0 spa d aDO-SdBNPbspacBNPHU1 aGarcía Ponce, Juan94698310aFigura de paja /cJuan García Ponce. aMéxico :bJoaquín Mortiz,c1964 . a157 p ;c19 cm.1 aVolador 0aVolador912484 001050718MOaGRbGRcCTd2013-08-15iLF1l0o p40207-10r2020-06-25w2020-06-25y1ZNo se presta c39697d39697